000 00269nam a2200121Ia 4500
008 191201s2019 xx 000 0 und d
100 _aPOONNIAH,Paulraj
245 0 _aData Warehousing Fundamentals
260 _bPHI
300 _a516
650 _aMCA
942 _2ddc
_cBK
999 _c7146
_d7146